Fisicoquímica
Gardado en:
| Autor Principal: | |
|---|---|
| Formato: | Libro |
| Idioma: | Lingua castelá |
| Publicado: |
Madrid
McGraw-Hill
2004
|
| Edición: | 5a. ed |
| Subjects: | |
| Tags: |
Engadir etiqueta
Sen Etiquetas, Sexa o primeiro en etiquetar este rexistro!
|
MARC
| LEADER | 00000nam a2200000 a 4500 | ||
|---|---|---|---|
| 001 | UCK6342 | ||
| 003 | CL-VaPUC | ||
| 008 | 050930e20040000SP |||||||||||||||||spa|d | ||
| 020 | |a 8448140052 | ||
| 020 | |a 8448137868v.1 | ||
| 082 | 0 | 4 | |a 539 |b LEV |2 21 |
| 100 | |a Levine, Ira N |e author |9 594201 | ||
| 245 | 1 | 0 | |a Fisicoquímica |
| 250 | |a 5a. ed | ||
| 300 | |a v | ||
| 942 | |c BK | ||
| 945 | |d 20050930 00:00:00 |a cmena | ||
| 260 | |a Madrid |b McGraw-Hill |c 2004 | ||
| 650 | 0 | |a Termodinámica |9 259320 | |
| 650 | 0 | |a Química |9 259896 | |
| 650 | 0 | |a Mecánica clásica |9 368211 | |
| 650 | 0 | |a Equilibrio químico |9 259943 | |
| 650 | 0 | |a Estados de la Materia |9 347141 | |
| 650 | 0 | |a Teoría cuántica |9 266148 | |
| 650 | 0 | |a Cinética |9 260943 | |
| 583 | |a last modification |c 20171031 11:00:26 |k Rodrigo Vera | ||
| 999 | |c 314638 |d 314636 | ||
| 952 | |0 0 |1 0 |4 0 |6 539_000000000000000_LEV_2004 |7 0 |8 P |9 387219 |a BIBCUR |b BIBCUR |d 2019-11-22 |h v.1 |i 4157583 |l 2 |o 539 LEV 2004 |p 4157583 |r 2025-04-22 |s 2023-05-16 |w 2019-11-22 |y BK |k QUI | ||
| 952 | |0 0 |1 0 |4 0 |6 539_000000000000000_LEV_2004 |7 0 |8 P |9 387220 |a BIBCUR |b BIBCUR |d 2019-11-22 |h v.1 |i 4192109 |o 539 LEV 2004 |p 4192109 |r 2025-04-22 |w 2019-11-22 |y BK |k QUI | ||
| 952 | |0 0 |1 0 |2 ddc |4 0 |6 539_000000000000000_LEV_2004 |7 0 |8 A |9 387221 |a BIBCUR |b BIBCUR |d 2019-11-22 |h v.1 |i 4192117 |l 4 |m 2 |o 539 LEV 2004 |p 4192117 |r 2025-04-22 |s 2024-03-19 |w 2019-11-22 |y BK |k QUI | ||
| 952 | |0 0 |1 0 |4 0 |6 539_000000000000000_LEV_2004 |7 0 |8 P |9 387222 |a BIBCUR |b BIBCUR |d 2019-11-22 |h v.1 |i 4192125 |l 1 |o 539 LEV 2004 |p 4192125 |r 2025-04-22 |s 2023-03-31 |w 2019-11-22 |y BK |k QUI | ||
| 952 | |0 0 |1 0 |4 0 |6 539_000000000000000_LEV_2004 |7 0 |8 P |9 387223 |a BIBCUR |b BIBCUR |d 2019-11-22 |h v.1 |i 4192133 |o 539 LEV 2004 |p 4192133 |r 2025-04-22 |w 2019-11-22 |y BK |k QUI | ||
| 952 | |0 0 |1 0 |4 0 |6 539_000000000000000_LEV_2004 |7 0 |8 P |9 387224 |a BIBCUR |b BIBCUR |d 2019-11-22 |h v.1 |i 4192141 |o 539 LEV 2004 |p 4192141 |r 2025-04-22 |w 2019-11-22 |y BK |k QUI | ||
| 952 | |0 0 |1 0 |4 0 |6 539_000000000000000_LEV_2004 |7 0 |8 P |9 387225 |a BIBCUR |b BIBCUR |d 2019-11-22 |h v.1 |i 419215K |l 1 |o 539 LEV 2004 |p 419215K |r 2025-04-22 |s 2022-04-07 |w 2019-11-22 |y BK |k QUI | ||
| 952 | |0 0 |1 0 |4 0 |6 539_000000000000000_LEV_2004 |7 0 |8 P |9 387226 |a BIBCUR |b BIBCUR |d 2019-11-22 |h v.1 |i 4192168 |o 539 LEV 2004 |p 4192168 |r 2025-04-22 |w 2019-11-22 |y BK |k QUI | ||
| 952 | |0 0 |1 0 |4 0 |6 539_000000000000000_LEV_2004 |7 0 |8 P |9 387227 |a BIBCUR |b BIBCUR |d 2019-11-22 |h v.1 |i 4192176 |o 539 LEV 2004 |p 4192176 |r 2025-04-22 |w 2019-11-22 |y BK |k QUI | ||
| 952 | |0 0 |1 0 |4 0 |6 539_000000000000000_LEV_2004 |7 0 |8 P |9 387228 |a BIBCUR |b BIBCUR |d 2019-11-22 |h v.1 |i 4192184 |o 539 LEV 2004 |p 4192184 |r 2025-04-22 |w 2019-11-22 |y BK |k QUI | ||
| 952 | |0 0 |1 0 |4 0 |6 539_000000000000000_LEV_2004 |7 0 |8 P |9 387229 |a BIBCUR |b BIBCUR |d 2019-11-22 |h v.1 |i 4192192 |o 539 LEV 2004 |p 4192192 |r 2025-04-22 |w 2019-11-22 |y BK |k QUI | ||
| 952 | |0 0 |1 0 |4 0 |6 539_000000000000000_LEV_2004 |7 0 |8 P |9 387230 |a BIBCUR |b BIBCUR |d 2019-11-22 |h v.1 |i 4192206 |o 539 LEV 2004 |p 4192206 |r 2025-04-22 |w 2019-11-22 |y BK |k QUI | ||
| 952 | |0 0 |1 0 |4 0 |6 539_000000000000000_LEV_2004 |7 0 |8 P |9 387231 |a BIBCUR |b BIBCUR |d 2019-11-22 |h v.1 |i 4192214 |o 539 LEV 2004 |p 4192214 |r 2025-04-22 |w 2019-11-22 |y BK |k QUI | ||
| 952 | |0 0 |1 0 |4 0 |6 539_000000000000000_LEV_2004 |7 0 |8 P |9 387232 |a BIBCUR |b BIBCUR |d 2019-11-22 |h v.2 |i 4192222 |o 539 LEV 2004 |p 4192222 |r 2025-04-22 |w 2019-11-22 |y BK |k QUI | ||
| 952 | |0 0 |1 0 |4 0 |6 539_000000000000000_LEV_2004 |7 0 |8 P |9 387233 |a BIBCUR |b BIBCUR |d 2019-11-22 |h v.2 |i 4192230 |l 1 |o 539 LEV 2004 |p 4192230 |r 2025-04-22 |s 2022-06-22 |w 2019-11-22 |y BK |k QUI | ||
| 952 | |0 0 |1 0 |4 0 |6 539_000000000000000_LEV_2004 |7 0 |8 P |9 387234 |a BIBCUR |b BIBCUR |d 2019-11-22 |h v.2 |i 4192249 |o 539 LEV 2004 |p 4192249 |r 2025-04-22 |w 2019-11-22 |y BK |k QUI | ||
| 952 | |0 0 |1 0 |4 0 |6 539_000000000000000_LEV_2004 |7 0 |8 P |9 387235 |a BIBCUR |b BIBCUR |d 2019-11-22 |h v.2 |i 4192257 |l 2 |m 1 |o 539 LEV 2004 |p 4192257 |r 2025-04-22 |s 2022-06-28 |w 2019-11-22 |y BK |k QUI | ||
| 952 | |0 0 |1 0 |4 0 |6 539_000000000000000_LEV_2004 |7 0 |8 P |9 387236 |a BIBCUR |b BIBCUR |d 2019-11-22 |h v.2 |i 4192265 |o 539 LEV 2004 |p 4192265 |r 2025-04-22 |w 2019-11-22 |y BK |k QUI | ||
| 952 | |0 0 |1 0 |4 0 |6 539_000000000000000_LEV_2004 |7 0 |8 P |9 387237 |a BIBCUR |b BIBCUR |d 2019-11-22 |h v.2 |i 4192273 |o 539 LEV 2004 |p 4192273 |r 2025-04-22 |w 2019-11-22 |y BK |k QUI | ||
| 952 | |0 0 |1 0 |4 0 |6 539_000000000000000_LEV_2004 |7 0 |8 P |9 387238 |a BIBCUR |b BIBCUR |d 2019-11-22 |h v.2 |i 4192281 |o 539 LEV 2004 |p 4192281 |r 2025-04-22 |w 2019-11-22 |y BK |k QUI | ||
| 952 | |0 0 |1 0 |4 0 |6 539_000000000000000_LEV_2004 |7 0 |8 P |9 387239 |a BIBCUR |b BIBCUR |d 2019-11-22 |h v.2 |i 419229K |o 539 LEV 2004 |p 419229K |r 2025-04-22 |w 2019-11-22 |y BK |k QUI | ||
| 952 | |0 0 |1 0 |4 0 |6 539_000000000000000_LEV_2004 |7 0 |8 P |9 387240 |a BIBCUR |b BIBCUR |d 2019-11-22 |h v.2 |i 4192303 |o 539 LEV 2004 |p 4192303 |r 2025-04-22 |w 2019-11-22 |y BK |k QUI | ||
| 952 | |0 0 |1 0 |4 0 |6 539_000000000000000_LEV_2004 |7 0 |8 P |9 387241 |a BIBCUR |b BIBCUR |d 2019-11-22 |h v.2 |i 4192311 |l 2 |o 539 LEV 2004 |p 4192311 |r 2025-04-22 |s 2023-09-08 |w 2019-11-22 |y BK |k QUI | ||
| 952 | |0 0 |1 0 |4 0 |6 539_000000000000000_LEV_2004 |7 0 |8 P |9 387242 |a BIBCUR |b BIBCUR |d 2019-11-22 |h v.2 |i 419232K |o 539 LEV 2004 |p 419232K |r 2025-04-22 |w 2019-11-22 |y BK |k QUI | ||
| 952 | |0 0 |1 0 |4 0 |6 539_000000000000000_LEV_2004 |7 0 |8 P |9 387243 |a BIBCUR |b BIBCUR |d 2019-11-22 |h v.1 |i 458838K |o 539 LEV 2004 |p 458838K |r 2025-04-22 |w 2019-11-22 |y BK |k QUI | ||